000 00619nam a22002057a 4500
003 0
005 20240923140531.0
008 240923b xxu||||| |||| 00| 0 eng d
020 _a978-93-575110-8-7
050 _aQA 76
_b.Si56 2024
100 _aSingh, Sanjay
245 _aComputer basics with office automation
_cSanjay Singh
250 _aFirst edition
260 _aNew Delhi, India
_bRandom Publications, LLP
_c2024
300 _ax, 296 pages ;
_c24cm.
504 _aIncludes bibliographical references and index.
650 _aComputer basic.
650 _aAutomation, computer.
942 _2lcc
_cBK
999 _c366344
_d366344